[Event "Linares 26th"]
[Site "Linares"]
[Date "2009.02.26"]
[Round "7"]
[White "Aronian, Levon"]
[Black "Ivanchuk, Vassily"]
[Result "0-1"]
[WhiteElo "2750"]
[BlackElo "2779"]
[Annotator "Rogozenco,D"]
[PlyCount "87"]
[EventDate "2009.02.19"]
[EventType "tourn"]
[EventRounds "14"]
[EventCountry "ESP"]
[EventCategory "21"]
[SourceTitle "CBM 129"]
[Source "ChessBase"]
[SourceDate "2009.03.25"]
[SourceVersion "1"]
[SourceVersionDate "2009.03.25"]
[SourceQuality "1"]

1. d4 Nf6 2. c4 g6 3. Nc3 Bg7 4. e4 d6 5. Nf3 O-O 6. Be2 e5 7. Be3 c6 8. d5 Ng4
9. Bg5 f6 10. Bh4 c5 11. O-O h5 12. Ne1 Nh6 13. f3 {Here Black played 13... g5
once before, but Ivanchuk forces opponent's bishop to abandon the diagonal
h4-d8 in a different way, after which Black uses his g6 pawn to support the
advance f6-f5.} Nf7 14. Rb1 Bh6 {Creating a positional threat to transfer the
bishop via e3 to d4.} 15. Bf2 (15. Qd3 {can be answered by} Bg5 {and then f5
anyway.}) 15... Na6 16. a3 b6 17. b4 f5 18. exf5 gxf5 19. f4 $5 Bxf4 20. Bxh5
Bd7 21. Rb3 Qg5 {Aronian played well until now, but here he errs.} 22. b5 $2 {
This advance is connected with a wrong idea.} ({In order to find the correct
solution White needs to notice the well hidden tactical motif: black queen and
king are both on the same file and White has ideas to pin the queen! This can
be reached in the following way:} 22. Nd3 $1 Be3 (22... Bd2 {doesn't prevent
White's intention:} 23. Nb1 Be3 24. b5 Nc7 25. Nxc5 Bxc5 26. Rg3) 23. bxc5 $1
Nxc5 ({Relatively best is to make a positional concession and leave the knight
on a6, although after} 23... bxc5 24. Bxe3 Qxe3+ 25. Nf2 {White has a large
advantage.}) 24. Nxc5 Bxc5 25. Bxc5 ({Accuracy is always required. Bad is to
start with} 25. Ne4 fxe4 26. Bxc5 {in view of} Ba4 $1) 25... bxc5 26. Ne4 $1
fxe4 27. Rg3 {Mission completed. White wins thanks to the pin on the g-file.})
22... Nc7 23. Bxf7+ Rxf7 24. Ne2 Rg7 25. Nxf4 Qxf4 26. Bxc5 Qh6 27. Be3 f4 28.
Bc1 Bg4 29. Qd2 Rf8 30. Nd3 Ne8 {White is a pawn up, but that doesn't matter
at all. In fact he might even prefer not to have the pawn on c4, which closes
the c-file. Unexpectedly it turns out that the position is difficult for
Aronian, since Black has very easy play on the kingside, where he enjoys two
open files and a space advantage. Black plans ...Nf6, then remove the bishop
from g4 and place the knight there, after which White will be forced to make
fatal weaknesses around his king.} 31. Nxf4 {This doesn't save White, but
there was no way out in any case.} Rxf4 32. Rxf4 Qxf4 33. Qxf4 exf4 34. Bxf4
Rf7 35. g3 Re7 {At this moment White still has three pawns for the piece.
Unfortunately he is forced to give them one by one in order to prevent Black's
increasing activity.} 36. h3 Bxh3 {The first one is gone.} 37. Kf2 Nf6 38. g4
Bxg4 {The second one.} 39. Re3 Ne4+ 40. Ke1 Kf7 41. a4 Nc5 42. Kd2 Rxe3 43.
Kxe3 Ke7 44. Kd4 {and Aronian resigned before Black would take the next pawn
on a4.} 0-1

[Event "EU-ch blitz"]
[Site "Tallinn"]
[Date "2016.12.17"]
[Round "10"]
[White "Wojtaszek, Radoslaw"]
[Black "Sychev, Klementy"]
[Result "1-0"]
[WhiteElo "2749"]
[BlackElo "2453"]
[PlyCount "123"]
[EventDate "2016.12.17"]
[EventType "swiss (blitz)"]
[EventRounds "26"]
[EventCountry "EST"]
[SourceTitle "CBM 176 Extra"]
[Source "ChessBase"]
[SourceDate "2017.03.02"]
[SourceVersion "1"]
[SourceVersionDate "2017.03.02"]
[SourceQuality "1"]

1. d4 Nf6 2. c4 e6 3. Nf3 d5 4. Nc3 c5 5. e3 a6 6. cxd5 exd5 7. b3 Nc6 8. Bb2
Bd6 9. dxc5 Bxc5 10. Be2 O-O 11. O-O Ba7 12. Rc1 d4 13. exd4 Nxd4 14. Nxd4 Bxd4
15. Bf3 Ra7 16. Rc2 Be5 17. Nd5 Bxb2 18. Rxc8 Qd6 19. Qc2 Be5 20. Rd1 Ra8 21.
Rxa8 Rxa8 22. Nxf6+ Qxf6 23. Bxb7 Re8 24. Qc6 Qxc6 25. Bxc6 Rb8 26. Rd7 Bf6 27.
Bd5 Rd8 28. Bxf7+ Kf8 29. Rxd8+ Bxd8 30. Bc4 a5 31. g3 g6 32. Kg2 Bb6 33. f4
Kg7 34. Kf3 Kf6 35. Ke4 h5 36. h3 Bf2 37. g4 hxg4 38. hxg4 Bc5 39. Kd5 Be3 40.
Ke4 Bd2 41. Bb5 Bc1 42. Be8 Bd2 43. g5+ Kg7 44. f5 gxf5+ 45. Kxf5 Bc1 46. g6
Bb2 47. Ke6 Kf8 48. Bf7 Bc3 49. Kd5 Ke7 50. Kc4 Bd2 51. Kb5 Kf6 52. a3 Bc3 53.
b4 axb4 54. axb4 Ke7 55. Kc5 Kd7 56. b5 Bd2 57. b6 Bc3 58. Bd5 Kc8 59. Kd6 Bd4
60. b7+ Kb8 61. Ke7 Kc7 62. Kf7 1-0

[Event "Skilling Open Prelim"]
[Site "chess24.com INT"]
[Date "2020.11.23"]
[Round "6.2"]
[White "Firouzja, Alireza"]
[Black "Radjabov, T."]
[Result "0-1"]
[WhiteElo "2749"]
[BlackElo "2765"]
[PlyCount "44"]
[EventDate "2020.11.22"]
[EventType "tourn (rapid)"]
[EventRounds "15"]
[EventCategory "21"]
[SourceTitle "The Week in Chess 1359"]
[Source "Mark Crowther"]
[SourceDate "2020.11.23"]
[SourceVersion "2"]
[SourceVersionDate "2020.11.24"]
[SourceQuality "2"]

1. e4 e5 2. Nf3 Nc6 3. Nc3 Nf6 4. h3 Bb4 5. Bd3 d6 6. Ne2 O-O 7. O-O Re8 8. c3
d5 9. exd5 Qxd5 10. Bc2 e4 11. Ne1 Bd6 12. d4 exd3 13. Nxd3 Bf5 14. Nef4 Qc4
15. Bb3 Qa6 16. Nb4 Nxb4 17. cxb4 Rad8 18. Qf3 Bxb4 19. Bxf7+ Kxf7 20. Qb3+ Be6
21. Nxe6 Rxe6 22. Be3 Be7 0-1

[Event "Tashkent FIDE GP 2nd"]
[Site "Tashkent"]
[Date "2012.11.28"]
[Round "6"]
[White "Morozevich, Alexander"]
[Black "Dominguez Perez, Leinier"]
[Result "1-0"]
[WhiteElo "2748"]
[BlackElo "2726"]
[Annotator "Ftacnik,L"]
[PlyCount "57"]
[EventDate "2012.11.22"]
[EventType "tourn"]
[EventRounds "11"]
[EventCountry "UZB"]
[EventCategory "20"]
[SourceTitle "CBM 152"]
[Source "ChessBase"]
[SourceDate "2013.01.15"]
[SourceVersion "1"]
[SourceVersionDate "2013.01.15"]
[SourceQuality "1"]

1. d4 Nf6 2. c4 g6 3. Nc3 d5 4. cxd5 Nxd5 5. e4 Nxc3 6. bxc3 Bg7 7. Qa4+ {
If somebody wants to get through the very promising Gruenfeld Defence he
should rather try something a bit unusual. The modern check with the queen on
a4 meets some of the criteria.} Nd7 8. Nf3 c5 9. Be2 O-O 10. O-O a6 {Dominguez
Perez was out of form in Tashkent and his opponents were trying to benefit
from his uncertainty. The move in the game is fine, even though considering
the form Black should have considered the interesting idea of the knight
transfer to the e6-square.} (10... cxd4 11. cxd4 Nc5 $5 (11... Nf6 12. Bd3 Bd7
13. Qa3 (13. Qb4 a5 14. Qxb7 Rb8 15. Qa7 Bc6 16. Re1 Nd7 17. Bf4 e5 18. dxe5
Nb6 19. Be3 Qxd3 20. Bxb6 $14 {1-0 (40) Stefansson,H (2585)-Sigfusson,S (2339)
Reykjavik 2006}) 13... Bg4 14. Rb1 Bxf3 15. gxf3 b6 16. Be3 e6 17. Rfd1 Ne8 18.
Bb5 Nd6 19. Ba6 Qd7 20. Rbc1 Rfd8 21. Bg5 f6 22. Be3 $14 {1-0 (44) Vitiugov,N 
(2474)-Kurnosov,I (2524) Samara 2004}) 12. Qc2 Ne6 13. Be3 Nxd4 14. Nxd4 Bxd4
15. Rad1 e5 16. Bxd4 exd4 17. Qb2 Be6 18. Qxb7 Qb6 19. Qxb6 axb6 20. Rxd4 Rxa2
21. Bb5 Rc8 $15 {0-1 (47) Miton,K (2653)-Ivanchuk,V (2729) Havana 2007}) (10...
Qc7 11. Bg5 (11. Rb1 b6 12. e5 Bb7 13. Bg5 f6 14. exf6 Nxf6 15. Qb3+ Kh8 16.
Rfe1 Rad8 17. Rbc1 Bd5 18. Qa3 Nh5 19. dxc5 bxc5 20. c4 Ba8 $11 {1-0 (75)
Shipov,S (2613)-Nakamura,H (2494) ICC INT 2002}) 11... a6 12. e5 e6 13. Qa3 Re8
14. Nd2 h6 15. Be3 b6 16. Ne4 Bf8 17. Qb2 Bb7 18. Bd3 b5 19. Qe2 Rac8 20. h4 h5
21. g4 f5 22. exf6 Bxe4 23. f7+ Kxf7 24. Bxe4 Nf6 $11 {1/2 (28) Milov,V (2605)
-Avrukh,B (2600) Andorra 2001}) (10... b6 11. Rd1 cxd4 12. cxd4 Nf6 13. Qc2 Bb7
14. Bd3 a6 15. Rb1 b5 16. a4 Qc8 17. Qe2 bxa4 18. Ba3 Bc6 19. Rdc1 Qe8 20. Ne5
$16 {1-0 (36) Conquest,S (2534)-Knott,S (2387) Liverpool 2006}) 11. Qa3 Qc7 {
It is much easier to be a small expert in problems of any line. It seems, that
the key to the real equalising attempt should be the move of the knight to the
f6-square.} (11... cxd4 12. cxd4 Nf6 (12... e5 13. Bg5 f6 14. Be3 f5 15. exf5
Rxf5 16. dxe5 Nxe5 17. Rad1 Qf8 18. Qb3+ Kh8 19. Nd4 Rf6 20. Bg5 Rd6 21. Nf3
$14 {1/2 (33) Jakobsen,O (2387)-Dragicevic,D (2200) Copenhagen 2006}) 13. Bg5
h6 14. Bxf6 Bxf6 15. Rab1 Rb8 16. h3 b5 17. d5 Qd6 18. Qe3 Bg7 19. Rfd1 Qb6 20.
Rdc1 Qxe3 21. fxe3 e6 $11 {0-1 (33) Pascua,H (2174)-Nolte,R (2522) Manila 2008}
) 12. Bg5 Re8 (12... Nf6 13. Bd3 (13. e5 Nd5 (13... Ne4 14. Bf4) 14. dxc5 Bxe5
15. Bc4 Nf6 16. Rfe1 Bf4 17. Bxf4 Qxf4 18. Bb3 $11) 13... Rd8 $11) 13. Rad1 (
13. e5 b6 14. Qb3 e6 $11) 13... Rb8 {With this move the defender is missing
his last chance to play the key move ...Nf6 with nearly full impact.} (13...
Nf6 $1 $11) 14. d5 (14. Bh4 b5 15. Bg3 e5 16. dxe5 Nxe5 17. Rd5 c4 $11) 14...
e6 15. dxe6 (15. Bh4 b5 16. Bg3 e5 17. c4 $14) 15... Rxe6 $1 {The counterplay
is a great theme in the Gruenfeld Indian Defence. Black is doing fine so far,
since he intuitively chooses the best moves.} (15... fxe6 16. c4 b5 $14) 16.
Bh4 $5 (16. Qc1 Rxe4 17. Bd3 Re8 18. Rfe1 Ne5 19. Nxe5 Rxe5 20. Bf4 Bg4 21. Be2
Be6 $11) 16... Bh6 $2 {The main idea of this odd defensive move should have
been the covering of the b8-h2 diagonal with a bishop from f4. Unfortunately
this idea is tactically completely losing and the situation becomes
immediately becomes critical. Black had to find the courage for the brave move
16...Rxe4! when White would have to be content with equal chances.} (16... Rxe4
$1 17. Bg3 Ne5 18. Bxe5 (18. Bd3 Nxf3+ 19. gxf3 Re5 $15) 18... Bxe5 19. Bd3 Rf4
20. Nxe5 Qxe5 $11) 17. Bc4 $1 Rxe4 (17... Re8 18. Qb3 Nf8 19. Bg3 Bf4 20. Bxf7+
Qxf7 21. Qxf7+ Kxf7 22. Bxf4 $16) 18. Bg3 Qb6 {If we believe there are also
sad moves played in the game of chess than the retreat of the queen is a great
candidate. Dominguez has discovered, that the planned move 18...Bf4 is losing
on the spot. From this moment on Morozevich will play with great energy} (18...
Bf4 19. Bxf7+ $1 Kh8 (19... Kxf7 20. Ng5+ Kg8 21. Nxe4 $18) 20. Ng5 Re7 21. Ne6
$18) 19. Qa4 $1 (19. Bxb8 Rxc4 20. Rfe1 $16) 19... Re7 (19... Rxc4 20. Qxc4 Ra8
21. Qh4 $18) 20. Bd6 $1 {The difference in the coordination of both camps is
extreme, Black is not able to soak up the blows in any sensible way.} (20. Bxb8
Nxb8 21. Rfe1 Bd7 22. Qb3 $16) 20... Qd8 (20... Bf8 21. Bxe7 Bxe7 22. Rxd7 Bxd7
23. Qxd7 $18) 21. Bxe7 Qxe7 22. Rfe1 Qf8 (22... Qd8 23. Bxf7+ Kxf7 24. Ne5+ Kg7
25. Nxd7 b5 26. Nxb8 Qc7 27. Qh4 g5 28. Qe4 $18) (22... Qf6 23. Rxd7 b5 24.
Rxf7 $18) 23. Rxd7 b5 24. Bxf7+ $1 {It was still not too late to blow
everything with the unsophisticated move 24.Rxf7?. Fortunately White is
playing with great energy.} (24. Rxf7 $2 bxa4 25. Ne5 Bd2 $11) 24... Kg7 (24...
Qxf7 25. Rd8+ $1 Bf8 (25... Kg7 26. Qh4 $18) 26. Qh4 $18) (24... Kh8 25. Qd1
Bxd7 26. Qxd7 $18) 25. Qd1 Bxd7 26. Qxd7 Rd8 (26... Qxf7 27. Re7 $18) 27. Qc7
Rc8 28. Qb7 Rb8 29. Qe7 {The final move was played in order to keep it safe.
The retreat of the queen to the e4-square would have been much more elegant.} (
29. Qe4 Kxf7 30. Ne5+ Kg8 31. Nd7 $18) (29. Qe7 Qxe7 30. Rxe7 Rd8 31. Bb3+ $18)
1-0

[Event "Beijing Sportaccord blindfold"]
[Site "Beijing"]
[Date "2012.12.18"]
[Round "3"]
[White "Morozevich, Alexander"]
[Black "Karjakin, Sergey"]
[Result "1/2-1/2"]
[WhiteElo "2748"]
[BlackElo "2775"]
[PlyCount "156"]
[EventDate "2012.12.18"]
[EventType "swiss (rapid)"]
[EventRounds "7"]
[EventCountry "CHN"]
[SourceTitle "EXT 2014"]
[Source "ChessBase"]
[SourceDate "2013.11.20"]
[SourceVersion "1"]
[SourceVersionDate "2013.11.20"]
[SourceQuality "1"]

1. g3 d5 2. Bg2 e5 3. c4 d4 4. d3 Nc6 5. Nf3 Nf6 6. O-O Be7 7. b4 Nxb4 8. Nxe5
O-O 9. a3 Na6 10. Nf3 c5 11. e4 dxe3 12. fxe3 Nb8 13. Nc3 Nc6 14. Bb2 Bg4 15.
Qc2 Qd7 16. Nd5 Nxd5 17. cxd5 Qxd5 18. Ne5 Qe6 19. Nxg4 Qxg4 20. Qb3 Qe6 21.
Bd5 Qxe3+ 22. Kh1 Nd4 23. Qxb7 Bf6 24. Bxf7+ Kh8 25. Bc4 Rab8 26. Qg2 Rxb2 27.
Qxb2 Nf3 28. Qc1 Nd2 29. Rf4 Qe7 30. Qxd2 Bxa1 31. Qe3 Bf6 32. Qxe7 Bxe7 33.
Re4 Bd6 34. Kg2 h5 35. a4 a5 36. d4 cxd4 37. Rxd4 Bb4 38. Bd3 Kg8 39. Bg6 Bc5
40. Rd5 Rf2+ 41. Kh3 Bb4 42. Rd8+ Rf8 43. Rd5 Rf2 44. Rxh5 Ra2 45. Rf5 Rd2 46.
Re5 Rf2 47. Kg4 Rf6 48. Kh5 Rf8 49. g4 Rc8 50. g5 Kf8 51. h4 Kg8 52. Rd5 Kf8
53. Rd7 Kg8 54. Be4 Re8 55. Bd5+ Kh7 56. Kg4 Re7 57. Rd8 g6 58. h5 Re1 59. Bg8+
Kg7 60. h6+ Kh8 61. Bb3+ Kh7 62. Bg8+ Kh8 63. Bd5+ Kh7 64. Kh4 Be7 65. Rd7 Re5
66. Kh3 Kh8 67. Bf7 Bxg5 68. Bxg6 Bxh6 69. Rh7+ Kg8 70. Rxh6 Kg7 71. Rh5 Re3+
72. Kg4 Kxg6 73. Rxa5 Kf6 74. Ra8 Ke7 75. a5 Kd7 76. a6 Kc7 77. a7 Kb7 78. Rb8+
Kxa7 1/2-1/2

[Event "EU-Cup 28th"]
[Site "Eilat"]
[Date "2012.10.15"]
[Round "5.1"]
[White "Svidler, Peter"]
[Black "Ponomariov, Ruslan"]
[Result "1-0"]
[WhiteElo "2747"]
[BlackElo "2735"]
[PlyCount "77"]
[EventDate "2012.10.11"]
[EventType "team-swiss"]
[EventRounds "7"]
[EventCountry "ISR"]
[SourceTitle "CBM 151"]
[Source "ChessBase"]
[SourceDate "2012.11.13"]
[SourceVersion "1"]
[SourceVersionDate "2012.11.13"]
[SourceQuality "1"]
[WhiteTeam "St Petersburg CF"]
[BlackTeam "Tomsk 400"]
[WhiteTeamCountry "RUS"]
[BlackTeamCountry "RUS"]

1. c4 Nf6 2. Nc3 e5 3. Nf3 Nc6 4. g3 Bb4 5. Bg2 O-O 6. O-O Bxc3 7. bxc3 Re8 8.
Ne1 d5 9. cxd5 Nxd5 10. Qc2 Bg4 11. f3 Be6 12. e4 Nb6 13. d3 Qd7 14. f4 f5 15.
g4 fxe4 16. f5 Bf7 17. Bxe4 Nd5 18. g5 g6 19. Ng2 Nce7 20. f6 Nf5 21. Rb1 c5
22. Rf2 Nd6 23. Bf3 c4 24. dxc4 Nxc4 25. Qd3 e4 26. Bxe4 Ne5 27. Qg3 Rac8 28.
Bd2 Qg4 29. Qxg4 Nxg4 30. Re2 Nxc3 31. Bxc3 Rxc3 32. Rxb7 h6 33. h3 Rxh3 34.
Bd5 Rxe2 35. Bxf7+ Kf8 36. Bxg6 Re8 37. Rf7+ Kg8 38. Rg7+ Kh8 39. Rh7+ 1-0

[Event "Wch Candidates"]
[Site "Kazan"]
[Date "2011.05.24"]
[Round "3.5"]
[White "Grischuk, Alexander"]
[Black "Gelfand, Boris"]
[Result "1/2-1/2"]
[WhiteElo "2747"]
[BlackElo "2733"]
[Annotator "Moradiabadi,E"]
[PlyCount "77"]
[EventDate "2011.05.05"]
[EventType "k.o."]
[EventRounds "3"]
[EventCountry "RUS"]
[SourceTitle "CBM 143"]
[Source "ChessBase"]
[SourceDate "2011.07.15"]
[SourceVersion "1"]
[SourceVersionDate "2011.07.15"]
[SourceQuality "1"]

1. d4 {After two timid days, our deserved finalists decided to show us some
aspects of their strength! This game is a very rich positional game and
contains everything one would expect of a high-level game.} Nf6 2. c4 e6 3. Nf3
d5 4. Nc3 {Alas! We will never know what Gelfand had in mind against the
Catalan!} Be7 {The QGD seems to be one of Gelfand's main black weapons
prepared for this event. A very classical approach which is mostly explored in
the 1927 WC match between legendary Capablanca and Alekhine. Funnily enough,
Grischuk has not had enough of it in this cycle!} 5. Bf4 {An interesting
choice which one would expect from Grischuk. The question many asked
themselves here is how many moves it would take before he offered a draw! At
least the previous ones were not very combative except his first game against
Gelfand.} (5. Bg5 h6 6. Bxf6 Bxf6 7. Qb3 dxc4 8. Qxc4 O-O 9. g3 b5 $1 $146 10.
Qxb5 Nd7 11. Bg2 c5 12. O-O Rb8 13. Qa4 a5 14. dxc5 {1/2-1/2 Grischuk,A (2747)
-Gelfand,B (2733)/Kazan RUS 2011}) 5... O-O 6. e3 (6. Rc1 c5 7. dxc5 Bxc5 8. e3
Nc6 9. a3 d4 10. exd4 Nxd4 11. b4 Nxf3+ 12. Qxf3 Bd4 13. Nb5 e5 14. Bg5 Re8 15.
Bxf6 e4 16. Bxd8 exf3+ 17. Kd2 Rxd8 18. Nxd4 Rxd4+ 19. Kc3 fxg2 20. Bxg2 Rg4
21. Rhd1 Be6 22. Bxb7 Rxc4+ 23. Kb2 Rxc1 24. Rxc1 {1/2-1/2 Grischuk,A (2747)
-Gelfand,B (2733)/Kazan RUS 2011 (49)}) 6... Nbd7 {This move skips the
activity with 6..c5 in favor of a rock solid but slightly cramped position for
Black.} 7. c5 {This is the most radical approach. White neutralises the
tension in the centre in order to obtain a spatial advantage on the queenside.}
(7. Qc2 c5 8. Rd1 Qa5 9. Nd2 cxd4 10. exd4 dxc4 11. Nxc4 Qd8 12. Bd3 Nb6 13.
O-O Bd7 14. Nxb6 Qxb6 15. d5 Kh8 16. dxe6 {1/2-1/2 Grischuk,A (2747)-Kramnik,V
(2785)/Kazan 2011/CB19_2011}) 7... Nh5 8. Be2 $5 $146 {No more draw offers! A
good sign for me and the spectators!} (8. Bd3 {used to be the "Tabiya" in this
line, which has been played thousands of times. Did Grsichuk have something
special up his sleeves? The continuation proved that he did!}) (8. b4 Nxf4 9.
exf4 c6 10. Bd3 b6 11. O-O a5 12. a3 Qc7 13. g3 Ba6 14. Bxa6 {1/2-1/2 Grischuk,
A (2747)-Kramnik,V (2785)/Kazan 2011/CB19_2011}) 8... c6 9. O-O Nxf4 10. exf4 {
To be perfectly honest, I have trouble seeing the special appeal of Grischuk's
idea. The bishop on d3 seemed more appealing to me!} f6 {The right decision at
the wrong time. Gelfand believes that he can play e5, and he is right, except
that...this is exactly what Grischuk is waiting for!} 11. b4 Qc7 12. Qd2 Rf7 $6
{Why does Gelfand avoid e5 and instead accept a slightly worse position? Let
us examine the following lines:} ({For better or for worse Black had to go for
} 12... e5 $1 13. Rfd1 $2 (13. Rfe1 $1 {is a good move, because it keeps both
Bf1 and Bd3 as possible choices.} Kh8 14. Bf1 {was the alternative.} (14. Bd3
a5 $1 (14... e4 15. Nxe4 dxe4 16. Rxe4 Bd8 17. Rae1 a5 18. Re8 $1 axb4 19.
Rxf8+ Nxf8 20. Re8 g6 21. Rxf8+ Kg7 22. Re8 {and White is clearly better.}) 15.
b5 e4 16. Nxe4 dxe4 17. Rxe4 Nxc5 $1 18. dxc5 cxb5 19. Nd4 Bxc5 20. Nxb5 Qf7 {
The dust has settled and Black seems to have the better prospects.}) 14... a5 (
14... e4 $2 15. Nxe4 dxe4 16. Rxe4 Bd8 17. Rae1 $36) 15. b5 (15. fxe5 $2 fxe5
16. Nxe5 Nxe5 17. Rxe5 axb4 $17) 15... e4 16. Qe3 (16. Nxe4 dxe4 17. Rxe4 Nxc5
18. dxc5 Bxc5 $15) 16... Bd8 17. b6 Qb8 18. Nxe4 dxe4 19. Qxe4 f5 20. Qe3 Nf6
21. Ne5 g6 22. Bc4 Kg7 23. Rad1 $44 {and White enjoys fine compensation. This
is probably what Gelfand tried to avoid, but instead he ended up in a clearly
worse position!}) (13. Rae1 $5 {This or the other rook to e1 is probably what
Grischuk had in mind.} Kh8 $1 {A very strong prophylactic move confirmed by
the silicon mind!} (13... e4 $2 14. Nxe4 $1 dxe4 15. Bc4+ Kh8 16. Rxe4 $14) 14.
Bd3 $1 {What is this? A blunder?} a5 $1 ({Hardly. If} 14... e4 $2 15. Nxe4 dxe4
16. Rxe4 {White obtains a strong initiative! Deep preparation by Grischuk?!})
15. fxe5 axb4 $1 (15... fxe5 16. b5 e4 17. Nxe4 dxe4 18. Rxe4 Bf6 19. Rfe1 Qd8
20. h4 $1 {and once again White has a dangerous initiative.}) 16. exf6 Nxf6 17.
Nd1 {with unclear play.}) (13. fxe5 $2 fxe5 14. dxe5 Nxe5 15. Nxd5 $4 Nxf3+ 16.
Bxf3 cxd5 $19) 13... a5 $1 14. a3 Re8 {and Black is very well prepared to open
up the game after which he can enjoy his pair of bishops.}) 13. Rae1 Nf8 14.
Bd3 {This is the right moment for the bishop to come to d3...Do you
understand? Yes Mr. Grischuk! We understand!} Bd7 15. g3 Re8 16. Re3 Bd8 17.
Rfe1 {White is clearly better at this point, however Gelfand stays calm and
prepares a trap.} Qb8 18. Na4 $1 Bc7 19. Nb2 {A typical manoeuvre for the
knight!} Rfe7 20. Qc3 Rd8 $1 {Gelfand is trying to get free his bishop from
the pawn chain via e8-h5.} 21. Bf5 {This is too hasty, yet it does not harm
White. He remains in full control! Still, he should go for} (21. a4 $5 Be8 22.
a5 Bh5 23. Nh4 $1 {Black has just one weakness but is left with no counter
play and is running out of space!} Qc8 (23... g5 $6 24. fxg5 fxg5 25. Nf5 Ree8
26. Nd6 $1 {Black's position is becoming like Swiss cheese on the dark squares!
} Bxd6 27. cxd6 Qxd6 28. Qd2 Qe7 29. a6 b6 30. Bc2 $1 {White's knight will
head to e5 and Black has to defence against an annoying attack despite his
material advantage.}) 24. Be2 Bf7 25. Nf3 Bh5 (25... Rde8 26. b5 $16) (25...
Ng6 26. Bf1 Rde8 27. Nd3 a6 28. h4 Qd7 29. Bh3 Nh8 $1 {This is a position rich
in strong positional manoeuvres...Black has to bring his knight to d8.} 30. Qd2
Bh5 31. Qe2 Kf8 32. Nb2 Nf7 33. Kg2 Nd8 34. Na4 Bg6 {White is better,
nevertheless it is not easy to crack Black's position. White has to exploit a
drastic plan sooner or later.}) 26. Nd3 Rde8 27. Nh4 Bf7 28. Qb2 a6 29. Bg4 {
and White is clearly better.}) 21... Rf7 $5 {This is the trap Gelfand had
prepared!} 22. Bg4 $6 {Grischuk goes astray. He had to retreat the bishop back
to d3.} e5 $1 {Well calculated by Gelfand!} 23. Bxd7 exf4 24. Be8 fxe3 25. Qxe3
Ng6 26. Bxf7+ Kxf7 27. Qe6+ Kf8 28. Qh3 (28. Nd1 Re8 29. Qf5 {is also equal.})
28... Qc8 $1 {This strong move seals the game's fate. Grischuk has to concede
a draw!} 29. Qxc8 (29. Qxh7 $2 {loses an exchange to} Kf7 30. Qh5 Rh8 31. Re7+
Kxe7 32. Qxg6 Kf8) 29... Rxc8 30. Kf1 Re8 31. Rb1 Ke7 32. Nd3 a6 33. a4 Kd7 34.
b5 axb5 35. axb5 cxb5 36. Rxb5 Rb8 37. Nb4 Ne7 38. Ne1 Nc6 39. Nxc6 {A nice
fighting game! I believe that all the spectators must have enjoyed it a lot!}
1/2-1/2